000
00301nam a2200121 a 4500
008
101025s1989|||| d
100
1
_a
London, Jack
245
1
0
_a
Biely tesák, volanie divočiny, morský vlk
044
_a
xo
_c
SK
041
_a
slo
020
_c
33
260
_b
Tatran
_a
Bratislava
_c
1989
999
_c
12119
_d
12119